लोड हो रहा है...

ലസ്റ്റ് /

ग्रंथसूची विवरण
मुख्य लेखक: Jelinek, Elfriede, 1946-
स्वरूप: Printed Book
भाषा:Malayalam
प्रकाशित: Kottayam: DC Books, 2009.
विषय:
.
LEADER 01004cam a2200289 i 4500
008 131212r20142012gw 000 1 mal
010 |a  2013047514 
035 |a (OCoLC)ocn860756257 
035 |a (OCoLC)860756257 
035 |a (NNC)11221505 
041 |a mal 
082 0 0 |a 833.914 JEL/L 
100 1 |a Jelinek, Elfriede,  |9 85249  |d 1946- 
240 1 0 |a Esclavas del poder.  |l English 
245 1 0 |a ലസ്റ്റ് / 
246 |a Lust / 
260 |a Kottayam:  |b DC Books,  |c 2009. 
300 |a 216 pages ;  |c 23 cm 
500 |a Elfriede Jelinek was the winner of the Nobel Prize for Literature 2004. Original German Title "Lust" Translated by Jolly Varghese 
546 |a Translated from the Spanish to Malayalam. 
650 0 |a Novel 
650 7 |x . 
900 |a AUTH 
942 |c BK 
948 1 |a 20150225  |b c  |c dc21  |d MPS 
999 |c 150347  |d 150347 
952 |0 0  |1 0  |2 ddc  |4 0  |6 833_914000000000000_JEL_L  |7 0  |8 MC  |9 160691  |a MCJ  |b MCJ  |c ST1  |d 2015-09-22  |g 110.00  |i 2799  |l 0  |o 833.914 JEL/L  |p MCJ2799  |r 2015-09-22  |y BK